| 000 | 00526cam a2200205ua 4500 | ||
|---|---|---|---|
| 020 | _a0-7131-2827-5 | ||
| 041 |
_aeng _h |
||
| 082 |
_a581.13342 _bHAL/PH |
||
| 100 | _aHall, D O . | ||
| 245 |
_aPhotosynthesis / _cD O Hall. _hTextual Documents |
||
| 250 |
_a3 / _b. |
||
| 260 |
_aLondon : _bEdward Arnold Publications Ltd , _c1984. |
||
| 300 | _a84 ; . | ||
| 440 | 0 |
_aStudies in biology, _v37 _x; |
|
| 490 | 0 |
_aStudies in biology, _v37 _x; |
|
| 504 | _a | ||
| 700 | 1 | _aRao, K K . | |
| 942 | _cBK | ||
| 999 |
_c7354 _d7354 |
||